MDQL
is popping MORE tags! Check the
thread
!
Quizzes
Events
Quiz Creation
Community
Videos
Private Events
Remove Ads
Sign In
Join for FREE
Feedback
Dark Mode
Quiz Categories
Sports
Geography
Music
Movies
Television
Just For Fun
Miscellaneous
History
Literature
Language
Science
Gaming
Entertainment
Religion
Holiday
For Kids
Quiz Lab
Recent
Popular Today
Quiz Kudos Today
Editor Picks
Curator Picks
Quizzes by...
Day
Popularity
Type
Ratings
Length
Year
Community
Subscriptions
Recent Discussions
Orange Saloon
Badges
Playlists
Quests
Create
Leaderboards
Showdown
Live 5
Trivia Bingo
Activity
Puzzle Library
Sporcle Events
Private Events
Virtual Trivia
Globe League
Become a Host
Pub Owners
SporcleCon
Opinionation
Our Games
Videos
Blog
Mobile Apps
Partnerships
Remove Ads and Go Orange
Feedback
Miscellaneous
Crossword
General Knowledge
Baby Names
Logo
Food
Cars
Numbers
Grab Bag
University
College
Popular
Company
Slogans
Restaurants
Justice
Letter
Miscellaneous
Crossword
General Knowledge
Baby Names
Logo
Food
Cars
Numbers
Grab Bag
University
College
Popular
Company
Slogans
Restaurants
Justice
Letter
Random Quiz
Search Sporcle
×
Quiz Lab
Quiz Lab
Miscellaneous
Type in answers that appear in a list
Type in answers that appear in a list
Classic
Best Score? Go Orange.
J Things Stats
Can you name the J Things
By
Sports1227
3m
31 Questions
36 Plays
36 Plays
36 Plays
Comments
Comments
Give Quiz Kudos
Give Quiz Kudos
-
- Ratings
hide this ad
Random Order
Randomize order of answers
Randomize order of answers
Replay
Link that replays current quiz
Next Quiz
Link to next quiz in quiz playlist
You Got
0%
They Got
Avg Score
32%
Avg Friend Score
Upgrade to see
Score Distribution
Jump to the score distribution portion of the page
Score
0/31
Timer
03:00
0
Plays Today
Hint
Answer
% Correct
Falcons starting RB
Steven Jackson
78.3%
Car brand
Jaguar
75%
NFL Team
Jets
75%
US President
Andrew Johnson
70.8%
Kind of Donut
Jelly
63.9%
City in Israel
Jerusalem
61.1%
US President
Lindon B. Johnson
58.3%
NFL team
Jaguars
58.3%
Country
Japan
56.5%
Ocean creature
Jellyfish
55.6%
US President
Andrew Jackson
55.6%
Tractor and other vehicle company
John Deere
54.2%
Country
Jamaica
52.2%
Country
Jordan
43.5%
US President
Thomas Jefferson
41.7%
NBA team
Jazz
38.9%
Hint
Answer
% Correct
Alcohol Brand
Jack Daniels
33.3%
Car brand
Jeep
33.3%
University of Kansas
Jayhawks
30.6%
candy
Jellybeans
27.8%
Candy
Jujubes
25%
Bears WR
Alshon Jeffery
21.7%
Alcohol Brand
Jim Beam
20.8%
Candy
Jawbreakers
20.8%
Nick Jonas song
Jealous
17.4%
Candy
Jolly Ranchers
12.5%
Snack food
Jell-O
8.3%
Technology and wearable products company
Jawbone
5.6%
TV show on NBC
Jeopardy
5.6%
Candy
Jujyfruits
4.2%
Candy
Junior Mints
4.2%
Quiz Playlist
Details
Report
Send in Message
Add To Playlist
Classic:
Type in answers that appear in a list
Random Order:
Randomize order of answers
Last Updated: Feb 16, 2017
Quiz Scoreboard
CHALLENGE
Sign Up to Join the Scoreboard
Show All
Scores
Hide
Comments
May contain spoilers
Recently Published
Image Sorting: Flags VI
by Barbecue
Geography
2m
Find the 'City' Movie
by crazypaving
Movies
60s
Colored Red Africa Blitz
by spor1
Geography
45s
More to Explore
Quiz From the Vault
Featured Blog Post
14 Easter Pick-up Lines to Find Eggs With
hide this ad
You Might Also Like...
Tags
This quiz does not have any tags.
Today's Top Quizzes in Miscellaneous
Browse Miscellaneous
hide this ad
Top Contributed Quizzes in Miscellaneous
1
The JOE quick-fire general knowledge quiz: Day 174
2
5-to-1: Fast Food
3
9x9 Crossword: Disney Movie Titles
4
The JOE quick-fire general knowledge quiz: Day 173
5
9x9 Crossword: Charlie and the Chocolate Factory
6
9x9 Crossword: Actors
7
9x9 Crossword: 2022 Movies
8
9x9 Crossword: Flags
9
9x9 Crossword: The Simpsons
10
9x9 Crossword: Pixar Movie Titles
Explore More
Trending Topics
NBA
Harry Potter
Disney
Crossword
Kpop
Marvel
Anime
WWE
Puzzle
NFL
Soccer
Song
The Office
Pokémon
Country
hide this ad
More By:
Sports1227
Quiz
Plays
Rating
Category
Featured
Created
american foods
316
2.50
Miscellaneous
Jan 13, 2015
Top 50 2014 NFL rushing leaders
162
3.67
Sports
Jan 3, 2015
States with the most Germans
141
5.00
Geography
Jan 22, 2015
Smallest US City Capitals by Population
125
4.75
Geography
Mar 1, 2016
'Y' foods
102
2.67
Just For Fun
Jan 8, 2015
Go to Creator's Profile
Score Distribution
Quiz Creator Spotlight
Sports1227
Follow
Send a Message
Quizzes Created
-
Created Quiz Play Count
-
More By This Creator
Popular Quizzes Today
1
Colored Red Africa Blitz
2
Find the US States - No Outlines Minefield
3
Find the 'City' Movie
4
5x2 Blitz: Bands
5
The Countries of the World
6
Find the Countries of Europe - No Outlines Minefield
7
Find the US States
8
US States
More Miscellaneous Quizzes
'Golden' Things
Published
Trending Quizzes
Colored Red Europe Blitz I
Colored Red Europe Blitz II
Colored Red Africa Blitz II
Colored Red Europe Blitz III
Colored Red Africa Blitz III
Recently Updated
How Do You Spell That?
pecheneg
Godzilla Movies
pecheneg
Grab Bag: 4-10 Letters
pecheneg
2024 March Madness Bracket
pecheneg
Famous TV Couples
Peacemaker
Champions League XIs: Real Madrid
pecheneg
Largest US Cities 1790-2010
pecheneg
Rides in Walt Disney World
pecheneg
Most Oscar Losses (Acting)
pecheneg
Beyoncé Albums
pecheneg
Trending Topics
Crossword
Anime
Kpop
Marvel
Disney
Harry Potter
NBA
Country
Puzzle
The Office
Soccer
Pokémon
NFL
WWE
Song
Your Account Isn't Verified!
In order to create a playlist on Sporcle, you need to verify the email address you used during registration. Go to your
Sporcle Settings
to finish the process.
Report this User
Report this user for behavior that violates our
Community Guidelines
.
Details:
Send Report
Go to the Sporcle.com Mobile Site →
Comments